مكتبة جامعة عجلون الوطنية

فهرس بحث المكتبة

Nutrition and Immunity (Record no. 33619)

MARC details
000 -LEADER
fixed length control field 00525nam a22001937a 4500
003 - CONTROL NUMBER IDENTIFIER
control field JO-AjAnu
005 - DATE AND TIME OF LATEST TRANSACTION
control field 20240805124701.0
008 - FIXED-LENGTH DATA ELEMENTS--GENERAL INFORMATION
fixed length control field 240805b jo ||||| |||| 00| 0 ara d
020 ## - INTERNATIONAL STANDARD BOOK NUMBER
International Standard Book Number 9783030160753
040 ## - CATALOGING SOURCE
Original cataloging agency JO-AjAnu
Language of cataloging eng
Transcribing agency JO-AjAnu
041 ## - LANGUAGE CODE
Language code of original eng
100 ## - MAIN ENTRY--PERSONAL NAME
Personal name Mahmoudi Maryam
Relator term Author
9 (RLIN) 66110
245 ## - TITLE STATEMENT
Title Nutrition and Immunity
Statement of responsibility, etc. / Maryam Mahmoudi and Nima Rezaei
260 ## - PUBLICATION, DISTRIBUTION, ETC.
Name of publisher, distributor, etc. Springer,
Date of publication, distribution, etc. 2019
300 ## - PHYSICAL DESCRIPTION
Extent 515 pages
650 ## - SUBJECT ADDED ENTRY--TOPICAL TERM
Form subdivision Nutrition
700 ## - ADDED ENTRY--PERSONAL NAME
Personal name Nima Rezaei
Relator term Editors
9 (RLIN) 66111
942 ## - ADDED ENTRY ELEMENTS (KOHA)
Source of classification or shelving scheme Library of Congress Classification
Koha item type Books
Suppress in OPAC No
Holdings
Withdrawn status Lost status Source of classification or shelving scheme Damaged status Not for loan Home library Current library Date acquired Total Checkouts Full call number Barcode Date last seen Price effective from Koha item type
    Library of Congress Classification     مكتبة جامعة عجلون الوطنية مكتبة جامعة عجلون الوطنية 05/08/2024   QP301.2019 E3820 05/08/2024 05/08/2024 Books
    Library of Congress Classification     مكتبة جامعة عجلون الوطنية مكتبة جامعة عجلون الوطنية 05/08/2024   QP301.2019 E3819 05/08/2024 05/08/2024 Books